01193nam a2200265Ia 4500001000600000003000900006008004100015040001300056040001300069041001300082100001700095100002900112245001700141245001700158250001100175260001100186260001300197260004900210300005500259500051200314650002400826650003100850700001700881700002900898A4986IT-RoPAU130308s9999 xx 000 0 und d aIT-RoPAU cIT-RoPAU aITALIANO aStefani Gino gCodice Aut. SPICS: 1035 aMelodia (La) bMelodia (La) a1a ed. aMILANO bBompiani c1992 [1° Ed.:1992 - Ed.Ling.Originale:1992] a"240 p. (prefazione: 6; testo: 234 [pagine: 0-0])" aProspettive: Melodico. Arie di Famiglia. Dal motivo Alla Melodia. Mosse Tattiche. Competenze e Condotte. Funzioni e Generi. Un Metodo di Analisi. teorie a Confronto. Esperienze: Sogno. Desiderio e Tenerezza. Supermusic. Recitativo. Meditazione. Blues. Tango. Amadeus K 550. tango D'Inverno. Addio Lindenbaum. Ultima Speranza. Casta Diva. L'Ora è Fuggita. Intonazioni del Trovatore. I Get a Kick Out Of You. Cheek to Cheek. The Man I Love. Lambada Infida. Il Cielo in una Stanza. Riferimenti Bibliografici. aLINGUAGGIO MUSICALE eCodice materia Spics: 7004 aMarconi Luca gCodice Aut. SPICS: 13914